Music Quiz

Random Music or Logo Quiz

2 Chainz: The Real University Entrance Exam Quiz Stats

 Plays Quiz not verified by Sporcle

Challenge
Share
Tweet
Embed
Score 0/36 Timer 08:00
0 Plays Today
Question Answer Wrong Answers
How many ounces in a brick? 36
84.2%
26
5.3%
28
7.9%
38
2.6%
What day can you f*ck with 2 Chainz? Neveruary 31st
84.2%
Judgment Day
5.3%
After his weekly court date
2.6%
Black Friday
5.3%
2 Chainz has every gun EXCEPT a ______ (allegedly)? Missile
76.3%
Tec-9
7.9%
Mac 11
2.6%
Nina Ross
10.5%
2 Chainz is allergic to all of the following EXCEPT _______? Peanuts
73.7%
Cop cars
2.6%
The hater type
2.6%
Them broke n*ggas
2.6%
What does Tity Boi hate more than anything? All other choices
72.2%
Ceilings
5.6%
Roofs
2.8%
Tops
0%
How did 2 Chainz get everything that he got? Slangin' birds
71.1%
Rapping
18.4%
Investing
2.6%
Inheritance
0%
Your left hand is on that steering wheel. Where is your right hand? That p*ssy!
68.4%
Gripping her thigh
13.2%
Workin' that Pyrex
2.6%
On a Tec-9
2.6%
It's the recession. At which of the following places are you most likely to find 2 Chainz? The strip club
63.2%
The apartments
0%
Waffle House
23.7%
The dealership
7.9%
How much does Tit charge for a feature? $100 K
58.3%
$36,000
2.8%
The whole thing
13.9%
Your car note
5.6%
You can expect 2 Chainz to wear pajamas to which of the following eateries? Ruth's Chris Steak House
57.9%
Magic Nightclub
23.7%
Houlihan's
2.6%
Church's Chicken
13.2%
Which of these would 2 Chainz pour a four in? Mothaf*ckin Faygo
57.9%
Brisk Tea
10.5%
Minute Maid
10.5%
Mountain Dew
18.4%
Where did 2 Chainz used to have a job? Outside the Citgo
57.9%
Benihana's
7.9%
Six Flags
7.9%
Gucci Store
23.7%
2 Chainz bumps into you. What's the first thing you feel? His bankroll
55.6%
His Nina Ross
13.9%
That yopper
2.8%
His girl that works in the spa
5.6%
In the strip club with some _______? Flip flops
55.3%
Pocahontas's
7.9%
OG Kush
10.5%
Xanax
10.5%
Which of the following items is NOT in 2 Chainz's starter kit? Boost Mobile
55.3%
Ziploc
5.3%
Rubber bands
7.9%
Digi-scale
13.2%
Why did 2 Chainz used to ride MARTA? It had more legroom
55.3%
He treated the Porsche like a Huffy
13.2%
Because public transportation reduces greenhouse gas emission
10.5%
Less expensive
2.6%
From whom might 2 Chainz get an endorsement? Baking Soda
52.8%
Ty Ty
0%
Popeye's
13.9%
Saks Fifth
13.9%
You have a splinter. Why might that be? Wood grain steerin' wheel
52.8%
T*tty f*ck, chestnut!
5.6%
He wishes a n*gga wood like a kitchen cabinet
13.9%
No reason
8.3%
All the guns is in _______'s name? Keisha
50%
Cap1
15.8%
Nando
5.3%
Lil Reese
10.5%
Which of the following is on 2 Chainz's Christmas list? Sandwich bags
50%
Another wrist
5.3%
Maybach
13.2%
Big booty hoe
31.6%
N*gga think they big but I'm ______? LARGER!
50%
BIGGER!
16.7%
smaller!
2.8%
Doin' it big like a 5X
11.1%
What circumstance would have disqualified Tit from becoming a felon? If he hadn't turned 15
50%
If he hadn't committed a felony
8.3%
If his daddy hadn't died
5.6%
If he hadn't blazed like Moreland Avenue
11.1%
What weather system is most probable when 2 Chainz enters a strip club? Category 5 Hurricane
50%
Thunderstorm
13.9%
Cold Front
5.6%
Sleet
11.1%
If he didn't go to his uncle's house, where did he go? A junkie's house
50%
Blue Flame
8.3%
Benihana's
5.6%
Louis Store
11.1%
Wut We Doin'? Gettin' to it
47.4%
Ballin' like Mr. Clean
13.2%
Sellin' Shake 'n' Bake
13.2%
Kickin' it like Messi
13.2%
Your Boost Mobile is chirping. Who is it? My amigo (potentially)
47.4%
Zaytoven
7.9%
Skooly
2.6%
The plug
42.1%
It's Memorial Day. You're in Miami. What do you do? Drink lean on a moped
44.7%
Stretch it out like a lawn chair
13.2%
Flip it and whip it until you get you 36's
15.8%
F*ck the sh*t out of lil mama and leave her Looney Tunes
18.4%
For what duration should you shoot that mothaf*cka? 'Til it gets tired
44.4%
A few minutes
0%
All day, all day like Kanye
19.4%
'Til it's empty
13.9%
What did 2 Chainz pray for? God to make a Bentley truck
42.1%
Bitches
10.5%
A duffel bag full of trash bags
18.4%
Rubber bands
13.2%
You're in the desert. What are you holding? An eagle
41.7%
An ounce
22.2%
A quarter key
2.8%
A styrofoam cup
13.9%
Which of the following is NOT related to 2 Chainz backing out? '64 bounce, bitch, bounce
41.7%
CLICK CLACK, POW POW
11.1%
Blackout
13.9%
Back of the 'Bach
11.1%
Car so damn big...? All other choices
39.5%
It look like I'm hiding
7.9%
It got a stripper pole
34.2%
I'm somewhere inside it
5.3%
How Atlanta is 2 Chainz? He still roots for Mike Vick
38.9%
Pretty Atlanta
5.6%
He has A on his ballcaps, so that counts for something, right?
16.7%
He's trying to kill the South
16.7%
2 Chainz's alarm system is set on _______? Nervous
34.2%
Lethal
10.5%
BURP BURP! Ya dig what I'm sayin'?
15.8%
Ill N*gga Alert
31.6%
2 Chainz has parallel parked all of the following places EXCEPT _______? Philips Arena
31.6%
Georgia Dome
10.5%
The f*ckin runway
28.9%
Blue Flame
18.4%
2 Chainz's whip is the same color as ________? Cicley Tyson
30.6%
Lemon Lime
5.6%
Akon
38.9%
Billie Jean Red Leather
5.6%

You're not logged in!

Compare scores with friends on all Sporcle quizzes.
Join for Free
OR
Log In

You Might Also Like...

Show Comments

Extras

Top Quizzes Today


Score Distribution

Your Account Isn't Verified!

In order to create a playlist on Sporcle, you need to verify the email address you used during registration. Go to your Sporcle Settings to finish the process.

Report this User

Report this user for behavior that violates our Community Guidelines.

Details: